000 00808nam a2200265 i 4500
001 bg
100 1 _aZuffi, Stefano
_d(1961-).
245 0 _aVermeer /
_c[tekst Stefano Zuffi ; tł. z niem. Marianna Rostkowska].
260 _aWarszawa :
_bRzeczpospolita ;
_bHPS,
_c2006.
300 _a143 s. :
_bil. ;
_c26 cm.
490 1 _aKlasycy Sztuki ;
_v20
600 0 9 _aVermeer van Delft, Jan
_d(1632-1675)
_xtwórczość
650 0 _aMalarstwo holenderskie
_xhistoria
_y17 w.
700 0 1 _aŁozińska, Tamara
_eTł.
830 _aKlasycy Sztuki ;
020 _a9788360529195
020 _a8360529191
040 _cBPK
041 1 _apol
_hger
080 _a75.071(492)"16"(084.11)A/Z
920 _a978-83-60529-19-5
920 _a83-60529-19-1
942 _cKS
008 s pl f |000 0 pol
999 _c53739
_d53739
856 _uhttp://koha.tu.koszalin.pl/cgi-bin/koha/opac-detail.pl?biblionumber=53739
_yKatalog online BPK